South Eastern Kenya University

Library Online Public Access Catalogue


Precalculus / (Record no. 11097)

MARC details
000 -LEADER
fixed length control field 00570cam a2200205 a 4500
020 ## - INTERNATIONAL STANDARD BOOK NUMBER
International Standard Book Number 0321528840
020 ## - INTERNATIONAL STANDARD BOOK NUMBER
International Standard Book Number 9780321528841
020 ## - INTERNATIONAL STANDARD BOOK NUMBER
International Standard Book Number 0321529227
020 ## - INTERNATIONAL STANDARD BOOK NUMBER
International Standard Book Number 9780321529220
050 00 - LIBRARY OF CONGRESS CALL NUMBER
Classification number QA154.3
Item number .L56 2009
100 1# - MAIN ENTRY--PERSONAL NAME
Personal name Lial, Margaret L.
245 10 - TITLE STATEMENT
Title Precalculus /
Statement of responsibility, etc. Margaret L. Lial, John Hornsby, David I. Schneider.
250 ## - EDITION STATEMENT
Edition statement 4th ed.
260 ## - PUBLICATION, DISTRIBUTION, ETC. (IMPRINT)
Place of publication, distribution, etc. Boston, MA :
Name of publisher, distributor, etc. Pearson/Addison Wesley,
Date of publication, distribution, etc. c2009.
300 ## - PHYSICAL DESCRIPTION
Extent xx, 1094, [139] p. :
500 ## - GENERAL NOTE
General note Includes indexes.
700 1# - ADDED ENTRY--PERSONAL NAME
Personal name Hornsby, John,
700 1# - ADDED ENTRY--PERSONAL NAME
Personal name Schneider, David I.
942 ## - ADDED ENTRY ELEMENTS (KOHA)
Source of classification or shelving scheme Library of Congress Classification
Koha item type General circulation
Holdings
Withdrawn status Lost status Source of classification or shelving scheme Damaged status Not for loan Home library Current library Shelving location Date acquired Total Checkouts Full call number Barcode Date last seen Price effective from Koha item type Public note
    Library of Congress Classification     Kitui Town Campus Library Kitui Town Campus Library General Stacks 18/02/2016   QA154.3 .L56 2009 2016/010997 18/02/2016 18/02/2016 General circulation dm
Kitui, Kenya.
+254736116989
library@seku.ac.ke